Veettuvalappile Poonthottam (Krishi Shastra Prasidheekaranam) (Record no. 18984)
[ view plain ]
| 000 -LEADER | |
|---|---|
| fixed length control field | 00325nam a22001217a 4500 |
| 003 - CONTROL NUMBER IDENTIFIER | |
| control field | OSt |
| 008 - FIXED-LENGTH DATA ELEMENTS--GENERAL INFORMATION | |
| fixed length control field | 250108b |||||||| |||| 00| 0 eng d |
| 041 ## - LANGUAGE CODE | |
| Language code of text/sound track or separate title | malayalam |
| 100 ## - MAIN ENTRY--AUTHOR NAME | |
| Personal name | Gopimani |
| 245 ## - TITLE STATEMENT | |
| Title | Veettuvalappile Poonthottam (Krishi Shastra Prasidheekaranam) |
| 260 ## - PUBLICATION, DISTRIBUTION, ETC. (IMPRINT) | |
| Name of publisher | Kerala Agricultural University |
| 942 ## - ADDED ENTRY ELEMENTS (KOHA) | |
| Koha item type | Books |
| Withdrawn status | Lost status | Damaged status | Home library | Current library | Date acquired | Cost, normal purchase price | Accession Number | Koha item type | Public note |
|---|---|---|---|---|---|---|---|---|---|
| KAUAET | KAUAET | 08/01/2025 | 1.50 | 14367 | Books | ||||
| Withdrawn | KAUAET | KAUAET | 08/01/2025 | 1.50 | 14368 | Books | Withdrawn as per order no D3-14/88/K Dis dated 1-11-89 | ||
| KAUAET | KAUAET | 08/01/2025 | 1.50 | 14370 | Books | ||||
| Withdrawn | KAUAET | KAUAET | 08/01/2025 | 1.50 | 14371 | Books | |||
| KAUAET | KAUAET | 08/01/2025 | 1.50 | 14372 | Books | ||||
| KAUAET | KAUAET | 08/01/2025 | 1.50 | 14373 | Books | ||||
| Withdrawn | KAUAET | KAUAET | 08/01/2025 | 1.50 | 14374 | Books | Cost Recovered Book No 9895 Rt 12 dated 29/12/87 Order No A3-2326/87 | ||
| Withdrawn | KAUAET | KAUAET | 08/01/2025 | 1.50 | 14375 | Books | |||
| KAUAET | KAUAET | 08/01/2025 | 1.50 | 14376 | Books |
